000 00408nam a2200169Ia 4500
008 170705s9999 xx 000 0 und d
020 _a9780545231367
245 _aTony baloney /
245 _cPam Muñoz Ryan and Edwin Fotheringham.
260 _aNew York :
260 _bScholastic,
260 _c2011
300 _aunpaged :
300 _bcolor illustration ;
300 _c23cm.
500 _a880
999 _c336093
_d336093